Daňová asignace popírá smysl daní

Charakteristika daňovej asignácie. Povaha daní. Dôsledky zavedenia daňovej asignácie. Dôvody proti zavedeniu daňovej asignácie.

Enregistré dans:
Détails bibliographiques
Auteur principal: Kinkor, Jiří
Format: Chapitre de livre
Langue:tchèque
Sujets:
Tags: Ajouter un tag
Pas de tags, Soyez le premier à ajouter un tag!

MARC

LEADER 00000naa a2200000 4500
001 r015826
005 20221213081845.9
041 0 |a cze 
044 |a CZ 
245 1 0 |a Daňová asignace popírá smysl daní  |c J. Kinkor 
520 |a Charakteristika daňovej asignácie. Povaha daní. Dôsledky zavedenia daňovej asignácie. Dôvody proti zavedeniu daňovej asignácie. 
610 2 0 |a dane 
100 1 |a Kinkor, Jiří